| 000 | 00353aam a2200157 4500 | ||
|---|---|---|---|
| 005 | 20250207185231.0 | ||
| 008 | 150624b2001 xxu||||| |||| 00| 0 spa d | ||
| 041 | _aING | ||
| 082 | _aR 423 O98o | ||
| 245 | _aIdioms | ||
| 260 |
_aInglaterra _bOxford _c2001 |
||
| 300 | _a469 páginas | ||
| 650 | _aDICCIONARIO | ||
| 650 | _aINGLÉS | ||
| 942 |
_cREF _2ddc |
||
| 999 |
_c8683 _d8683 |
||